01380nam a2200301 a 450000100100000000500170001000800410002704000250006808200260009324501450011925000110026426000540027530000210032949000110035050000680036150400720042959000260050165000480052765000520057570000310062770000360065871000610069483000180075591000380077395201230081195201290093499900150106300000896520251120073731.0090922s1990 dr r 000 p spa d aDO-SdBNPbspacBNPHU aRD861.08bC965p, 199000aCuentos y poesías de hispanoamérica :bantología /cIntroducción, notas y selección Apolinar Núñez y Carlos Fernández Rocha. a5a. ed aSantiago, República Dominicana :bPUCMM,c1990. a162 P. ;c21 cm.1 aTextos aIncluye datos biográficos de los autores en la contracubierta aIncluye referencias bibliográficas y notas al pie de la páginas aInventariado, 2018/BT 4aPoesía hispanoamericanaxColecciones9317 4aLiteratura hispanoamericanaxColecciones91783812aNúñez, Apolinar91415012aFernández Rocha, Carlos9652622aPontificia Universidad Católica Madre y Maestra 9843 0aTextos914460 aValidado. Control de calidad. MFF 0010718PDaPDbPDcHDd2009-09-22iLF1l0oRD861.08 C965p, 1990p8965-10r2020-06-25w2020-06-25yLFPDZNo se presta 0010718PDaPDbPDcHDd2009-09-22iLF1l0oRD861.08 C965p, 1990p8965-20r2020-06-25te. 2w2020-06-25yLFPDZNo se presta c8729d8729